MUNICIPIO DE AMEALCO (Registro nro. 68633)

Detalles MARC
000 -CABECERA
campo de control de longitud fija 00788nam a22002297a 4500
003 - IDENTIFICADOR DEL NÚMERO DE CONTROL
campo de control BPGM
008 - DATOS DE LONGITUD FIJA--INFORMACIÓN GENERAL
campo de control de longitud fija 260618e1996 mx abc|g |||| 001 0 spa d
040 ## - FUENTE DE LA CATALOGACIÓN
Lengua de catalogación spa
041 ## - CÓDIGO DE LENGUA
Código de lengua del texto/banda sonora o título independiente spa
Código de lengua original spa
082 04 - NÚMERO DE LA CLASIFICACIÓN DECIMAL DEWEY
Número de edición 900
Número de clasificación 030
100 ## - ENTRADA PRINCIPAL--NOMBRE DE PERSONA
Nombre de persona BOLAÑOS ROJAS, CONCEPCION J.
Término indicativo de función/relación AUTOR
245 ## - MENCIÓN DE TÍTULO
Título MUNICIPIO DE AMEALCO
250 ## - MENCIÓN DE EDICIÓN
Mención de edición PRIMERA EDICION
Resto de la mención de edición 1996
260 ## - PUBLICACIÓN, DISTRIBUCIÓN, ETC.
Lugar de publicación, distribución, etc. MEXICO
Nombre del editor, distribuidor, etc. GOBIERNO DEL ESTADO DE QUERETARO
Fecha de publicación, distribución, etc. 1996
300 ## - DESCRIPCIÓN FÍSICA
Extensión 75 paginas
Dimensiones 21 cm x 14 cm
336 ## - TIPO DE CONTENIDO
Fuente rdacontent
Término de tipo de contenido texto
Código de tipo de contenido txt
337 ## - TIPO DE MEDIO
Fuente rdamedia
Nombre/término del tipo de medio sin mediación
Código del tipo de medio n
338 ## - TIPO DE SOPORTE
Fuente rdacarrier
Nombre/término del tipo de soporte volumen
Código del tipo de soporte nc
505 ## - NOTA DE CONTENIDO CON FORMATO
Nota de contenido con formato ofrece un panorama integral sobre la evolución del municipio de Amealco de Bonfil, desde sus raíces indígenas otomíes hasta su desarrollo moderno.
650 ## - PUNTO DE ACCESO ADICIONAL DE MATERIA--TÉRMINO DE MATERIA
Fuente del encabezamiento o término GEOGRAFÍA E HISTORIA
942 ## - ELEMENTOS DE PUNTO DE ACCESO ADICIONAL (KOHA)
Fuente del sistema de clasificación o colocación Dewey Decimal Classification
Tipo de ítem Koha Colección Querétaro
Existencias
Estado de retiro Estado de pérdida Fuente del sistema de clasificación o colocación Estado dañado No para préstamo Código de colección Localización permanente Ubicación/localización actual Ubicación en estantería Fecha de adquisición Fuente de adquisición Total de préstamos Signatura topográfica completa Fecha visto por última vez Número de copia Precio válido a partir de Tipo de ítem Koha
    Dewey Decimal Classification   Préstamo en Sala Colecciones Especiales (Quéretaro, IQM, Idiomas, SEP, Inea.) BIBLIOTECA PÚBLICA CENTRAL ESTATAL “FRANCISCO CERVANTES” BIBLIOTECA PÚBLICA CENTRAL ESTATAL “FRANCISCO CERVANTES” SALA QUERÉTARO ACCESO B PLANTA ALTA 06/18/2026 DBG   900/030 06/18/2026 EJ 1 06/18/2026 Colección Querétaro